Focus sur: Firenze - Harry Potter - Statistiques

Statistiques générales
  • Ce quiz a été pris 420 fois
  • Le résultat moyen est 6 sur 7
Statistiques - réponses
Informations recherchées Réponses % Correct
Ecole dans laquelle il a travaillé Poudlard
99%
Espèce Centaure
98%
Première apparition Harry Potter à l'école des sorciers
98%
Lieu de rencontre avec Harry Potter Forêt Interdite
96%
Emploi dans cette école Professeur de divination
95%
Couleur des cheveux Blond
82%
Acteur l’interprétant dans les films Ray Fearon
20%
Aucun quiz correspondant
Distribution des résultats
% des personnes avec chaque résultat
Percentile par nombre de réponses
Votre historique - résultats
Vous n’avez pas pris ce quiz